Advanced construction technology (Record no. 106032)

MARC details
000 -LEADER
fixed length control field 01240cam a2200277 4500
001 - CONTROL NUMBER
control field L135379
008 - FIXED-LENGTH DATA ELEMENTS--GENERAL INFORMATION
fixed length control field 061020n2006 000 0 eng u
020 ## - INTERNATIONAL STANDARD BOOK NUMBER
International Standard Book Number 013201985X
035 ## - SYSTEM CONTROL NUMBER
System control number (Sirsi) u135379
041 0# - LANGUAGE CODE
Language code of text/sound track or separate title eng
100 1# - MAIN ENTRY--PERSONAL NAME
Personal name Greeno, Roger
245 00 - TITLE STATEMENT
Title Advanced construction technology
250 ## - EDITION STATEMENT
Edition statement 4th ed.
260 ## - PUBLICATION, DISTRIBUTION, ETC.
Place of publication, distribution, etc. Harlow
Name of publisher, distributor, etc. Pearson Prentice Hall
Date of publication, distribution, etc. 2006
300 ## - PHYSICAL DESCRIPTION
Extent v, 632p.
Dimensions 24cm.
350 ## - PRICE (NR) (BK AM CF MU VM SE) [OBSOLETE]
Price 29.99
505 2# - FORMATTED CONTENTS NOTE
Formatted contents note Site works -- Pant and equipment -- Substructure one -- Substructure two -- Demolition and temporary work -- Portal frames -- Fire -- Claddings to framed structures -- Formwork systems -- Prestressed concrete -- Buildings for industrial and storage use -- Stairs -- Internal components -- External works -- Access and facilities for disabled buildings other than dwellings
520 ## - SUMMARY, ETC.
Summary, etc. Aims a comprehensive and practical guide to the construction of commercial and industrial buildings. Includes references to the relevent standards.
520 ## - SUMMARY, ETC.
Summary, etc. Supersedes third edition (ISBN 0582316170). Accompanies "Construction technology" (ISBN 0131286420).
590 ## - LOCAL NOTE (RLIN)
Local note KA
651 #4 - SUBJECT ADDED ENTRY--GEOGRAPHIC NAME
Geographic name United Kingdom
Chronological subdivision
690 ## - LOCAL SUBJECT ADDED ENTRY--TOPICAL TERM (OCLC, RLIN)
Topical term or geographic name as entry element BUILT ENVIRONMENT
700 1# - ADDED ENTRY--PERSONAL NAME
Personal name Greeno, Roger
942 ## - ADDED ENTRY ELEMENTS (KOHA)
Suppress in OPAC 0
Holdings
Withdrawn status Lost status Source of classification or shelving scheme Damaged status Not for loan Home library Current library Shelving location Date acquired Cost, normal purchase price Total Checkouts Full call number Barcode Date last seen Date last checked out Copy number Cost, replacement price Price effective from Koha item type
    Dewey Decimal Classification     London London Books 21/12/2006 27.99 26 690 CHU 30073538 06/08/2019 19/10/2009 2 27.99 06/08/2019 Book